Traduction de vocabulaire en anglais - Statistiques

Statistiques générales
  • Ce quiz a été pris 463 fois
  • Le résultat moyen est 13 sur 15
Statistiques - réponses
Hint Réponse % Correct
après after
99%
voiture car
99%
mois month
98%
douze twelve
98%
fenêtre window
98%
avant before
97%
sac bag
96%
souris mouse
96%
jeu game
94%
couteau knife
94%
mur wall
90%
horloge clock
81%
gomme rubber
78%
sol floor
66%
rideau curtain
43%
Aucun quiz correspondant
Distribution des résultats
% des personnes avec chaque résultat
Percentile par nombre de réponses
Votre historique - résultats
Vous n’avez pas pris ce quiz